00779nam a2200253 i 4500001000300000100003500003245005200038250001100090260003400101300002100135650003600156651003300192655001700225020001500242040000800257041000700265080002300272920001800295942000700313008004100320999001700361856009800378952004900476bg1 aOLECHOWSKI, Andrzejd(1947- ).00aWygrać przyszłość /cAndrzej Olechowski. aWyd.2. aWarszawa :b"Twigger",c2000. a136 s. ;c21 cm. 9aPublicystyka polskayod 1989 r. 9aPolskaxpolitykayod 1989 r. aPublicystyka a8385946685 cBPK0 apl a323(438)"1989/..." a83-85946-68-5 cKS s pl f |000 0 pol  c39279d39279 uhttp://koha.tu.koszalin.pl/cgi-bin/koha/opac-detail.pl?biblionumber=39279yKatalog online BPK 00104070aBPKbBPKcwo58409p01559811yKS